000 01444nam a22002297a 4500
003 BJBSDDR
005 20260511175919.0
006 a|||||r|||| 00| 0
007 ta
008 260511s20011990nyu|||||r|||| 00| 0 eng d
020 _a9780802144652
040 _bspa
_cBJBSDDR
041 _aeng
050 _bC521h 2001
100 1 _aChernow, Ron,
_q(Ronald),
_d1949-
_96882
245 1 4 _aThe house of Morgan :
_ban American banking dynasty and the rise of modern finance /
_cRon Chernow.
260 _aNew York :
_b Grove Press,
_c2001
300 _axvii, 812 pages :
_billustrations ;
_c 23 cm
520 _aTells the story of four generations of Morgans and the powerful, secretive firms they spawned that would transform the modern financial world. Tracing the trajectory of J.P. Morgan's empire from its obscure beginnings in Victorian London to the financial crisis of 1987, Chernow paints a portrait of the family's private saga and the rarefied world of the American and British elite in which they moved, including Charles Lindbergh, Henry Ford, Franklin Roosevelt, Nancy Astor, and Winston Churchill. An account of a remarkable institution and the men who ran it, this book provides a look at the real power -- the money -- behind the historical events, the eminent statesmen, and the industrial empires that have transformed the world in the last century and a half. --Publisher description.
942 _2lcc
_n0
_cBK
946 _illh
999 _c127051
_d127051